000 00294pam a2200121a 44500
008 230405s2009 xxu||||| |||| 00| 0 eng d
041 _aENG
100 _aKishori lal
245 _aHuman Resource managemnt
260 _aTukhmeerpur
_bAvinash Paperbacks
_c2009
300 _a307
906 _a9328
999 _c299827
_d299827